[Event "BL2-Sued 0405"]
[Site "Germany"]
[Date "2005.01.16"]
[Round "5.2"]
[White "Wagner, Anselm"]
[Black "Beikert, Guenther"]
[Result "1/2-1/2"]
[WhiteElo "2414"]
[BlackElo "2424"]
[PlyCount "66"]
[EventDate "2004.10.24"]
[EventType "team-tourn"]
[EventRounds "9"]
[EventCountry "GER"]
[SourceTitle "EXT 2007"]
[Source "ChessBase"]
[SourceDate "2006.11.23"]
[SourceVersion "1"]
[SourceVersionDate "2006.11.23"]
[SourceQuality "1"]
[WhiteTeam "Pasing"]
[BlackTeam "Viernheim"]
[WhiteTeamCountry "GER"]
[BlackTeamCountry "GER"]

1. e4 e5 2. Nf3 Nc6 3. Bb5 a6 4. Ba4 Nf6 5. 0-0 Be7 6. Re1 b5 7. Bb3 0-0 8. h3 d6 9. c3 Nb8 10. d4 Nbd7 11. Nbd2 Bb7 12. Bc2 Re8 13. b3 Bf8 14. Bb2 g6 15. a4 Rb8 16. Bd3 c6 17. Qc2 Bc8 18. axb5 axb5 19. c4 bxc4 20. Nxc4 Qc7 21. Na5 Rb6 22. Rec1 exd4 23. Nxc6 Ne5 24. Nfxd4 Bb7 25. Nxe5 Qxc2 26. Bxc2 dxe5 27. Nf3 Bxe4 28. Nxe5 Bxc2 29. Rxc2 Rxb3 30. Nf3 Nd5 31. Bd4 Nf4 32. Be3 Bg7 33. Rd1 Ne6 1/2-1/2

[Event "BL2-Sued 0405"]
[Site "Germany"]
[Date "2004.10.24"]
[Round "1.2"]
[White "Reich, Thomas"]
[Black "Wagner, Anselm"]
[Result "1/2-1/2"]
[WhiteElo "2401"]
[BlackElo "2414"]
[PlyCount "36"]
[EventDate "2004.10.24"]
[EventType "team-tourn"]
[EventRounds "9"]
[EventCountry "GER"]
[SourceTitle "EXT 2007"]
[Source "ChessBase"]
[SourceDate "2006.11.23"]
[SourceVersion "1"]
[SourceVersionDate "2006.11.23"]
[SourceQuality "1"]
[WhiteTeam "Bayern Muenchen"]
[BlackTeam "Pasing"]
[WhiteTeamCountry "GER"]
[BlackTeamCountry "GER"]

1. d4 Nf6 2. c4 g6 3. Nc3 Bg7 4. e4 d6 5. f3 0-0 6. Be3 c6 7. Qd2 a6 8. a4 a5 9. Bd3 Na6 10. Nge2 e5 11. d5 Nd7 12. 0-0 Nb4 13. Bb1 Nc5 14. Ra3 cxd5 15. cxd5 Bd7 16. f4 exf4 17. Bxf4 Qb6 18. Kh1 Rae8 1/2-1/2

[Event "BL2-Sued 0304"]
[Site "Germany"]
[Date "2004.??.??"]
[Round "?.2"]
[White "Renner, Christoph"]
[Black "Wagner, Anselm"]
[Result "1-0"]
[WhiteElo "2405"]
[BlackElo "2405"]
[PlyCount "47"]
[EventDate "2003.10.??"]
[EventType "team-tourn"]
[EventRounds "9"]
[EventCountry "GER"]
[SourceTitle "CBM 100 Extra"]
[Source "ChessBase"]
[SourceDate "2004.07.06"]
[SourceVersion "2"]
[SourceVersionDate "2004.07.06"]
[SourceQuality "1"]
[WhiteTeam "Bayern Muenchen"]
[BlackTeam "Pasing"]
[WhiteTeamCountry "GER"]
[BlackTeamCountry "GER"]

1. e4 e6 2. d3 d5 3. Nd2 Nf6 4. Ngf3 Be7 5. g3 c5 6. Bg2 Nc6 7. 0-0 0-0 8. Re1 Qc7 9. e5 Nd7 10. Qe2 b5 11. c3 a5 12. Nf1 Ba6 13. Bf4 b4 14. c4 Nb6 15. Ne3 Rad8 16. b3 Rd7 17. h4 Rfd8 18. Ng5 h6 19. Nxf7 Kxf7 20. Qh5+ g6 21. Qxh6 Rg8 22. cxd5 Bf8 23. dxe6+ Kxe6 24. Qg5 1-0

[Event "BL2-Sued 0304"]
[Site "Germany"]
[Date "2004.??.??"]
[Round "?.2"]
[White "Wagner, Anselm"]
[Black "Schwalfenberg, Joerg"]
[Result "1-0"]
[WhiteElo "2405"]
[BlackElo "2360"]
[PlyCount "97"]
[EventDate "2003.10.??"]
[EventType "team-tourn"]
[EventRounds "9"]
[EventCountry "GER"]
[SourceTitle "CBM 100 Extra"]
[Source "ChessBase"]
[SourceDate "2004.07.06"]
[SourceVersion "2"]
[SourceVersionDate "2004.07.06"]
[SourceQuality "1"]
[WhiteTeam "Pasing"]
[BlackTeam "Heidelberg"]
[WhiteTeamCountry "GER"]
[BlackTeamCountry "GER"]

1. e4 c6 2. d4 d5 3. Nd2 dxe4 4. Nxe4 Nf6 5. Nxf6+ gxf6 6. c3 Bf5 7. Ne2 Nd7 8. Ng3 Bg6 9. h4 h5 10. Be2 Qa5 11. Be3 e6 12. 0-0 Bd6 13. a4 Qc7 14. f4 f5 15. Nh1 Nf6 16. g3 c5 17. Qb3 0-0 18. Nf2 Ng4 19. Nxg4 fxg4 20. Qc4 b6 21. dxc5 Bxc5 22. Bxc5 bxc5 23. b4 Rfd8 24. Rfd1 Bc2 25. Rxd8+ Rxd8 26. Qxc5 Qxc5+ 27. bxc5 Rc8 28. Ra2 Be4 29. Kf2 Rxc5 30. Ra3 e5 31. Ke3 Bc6 32. Bb5 Bxb5 33. axb5 exf4+ 34. Kxf4 Rxb5 35. Rxa7 Rc5 36. Ra3 Kg7 37. Ke4 Kg6 38. Kd4 Rc7 39. c4 Rd7+ 40. Ke5 Rd2 41. Rc3 f6+ 42. Ke6 Re2+ 43. Kd7 Kf7 44. c5 Rd2+ 45. Kc8 Rf2 46. c6 Rf3 47. Rc1 Rxg3 48. c7 Rb3 49. Kd7 1-0

[Event "BL2-Sued 0304"]
[Site "Germany"]
[Date "2003.??.??"]
[Round "?.2"]
[White "Wagner, Anselm"]
[Black "Werner, Clemens"]
[Result "1-0"]
[WhiteElo "2405"]
[BlackElo "2330"]
[PlyCount "117"]
[EventDate "2003.10.??"]
[EventType "team-tourn"]
[EventRounds "9"]
[EventCountry "GER"]
[SourceTitle "CBM 100 Extra"]
[Source "ChessBase"]
[SourceDate "2004.07.06"]
[SourceVersion "2"]
[SourceVersionDate "2004.07.06"]
[SourceQuality "1"]
[WhiteTeam "Pasing"]
[BlackTeam "Karlsruhe"]
[WhiteTeamCountry "GER"]
[BlackTeamCountry "GER"]

1. e4 e5 2. Nf3 Nc6 3. Bb5 Bc5 4. 0-0 Nd4 5. Nxd4 Bxd4 6. c3 Bb6 7. d4 c6 8. Ba4 d6 9. h3 Nf6 10. Bc2 0-0 11. Bg5 h6 12. Bh4 Re8 13. dxe5 dxe5 14. Nd2 Be6 15. Qe2 Qe7 16. Bb3 Rad8 17. Rfd1 Bxb3 18. axb3 a6 19. Qf3 g5 20. Bg3 Qe6 21. Nc4 Bc7 22. Ne3 Kh7 23. b4 Kg6 24. Ng4 Nh5 25. Bh2 Nf4 26. Ne3 Bb6 27. Nf5 Qf6 28. Bxf4 gxf4 29. Rxd8 Rxd8 30. Rd1 Kh7 31. Qh5 Qg6 32. Qe2 Qe6 33. Qg4 Qg6 34. Rxd8 Qxg4 35. hxg4 Bxd8 36. Nd6 b6 37. Nxf7 Bc7 38. g5 Kg6 39. Nxh6 Kxg5 40. Nf5 Kf6 41. Kf1 b5 42. Ke2 Bb6 43. Kf3 c5 44. bxc5 Bxc5 45. b4 Bb6 46. Nd6 Ke6 47. Nb7 Kf7 48. g3 fxg3 49. fxg3 Kg6 50. Ke2 Kh5 51. Kd3 Bc7 52. c4 Kg4 53. c5 Kxg3 54. Nd6 Kf4 55. Ne8 Bd8 56. c6 a5 57. bxa5 Bxa5 58. c7 Bxc7 59. Nxc7 1-0

[Event "Oberliga Bayern 0203"]
[Site "Bayern"]
[Date "2002.12.15"]
[Round "3.1"]
[White "Wagner, Anselm"]
[Black "Kurz, Eugen"]
[Result "1/2-1/2"]
[WhiteElo "2396"]
[BlackElo "2318"]
[PlyCount "34"]
[EventDate "2002.10.20"]
[EventType "team"]
[EventRounds "9"]
[EventCountry "GER"]
[SourceTitle "EXT 2004"]
[Source "ChessBase"]
[SourceDate "2003.11.25"]
[SourceVersion "1"]
[SourceVersionDate "2003.11.25"]
[SourceQuality "1"]
[WhiteTeam "Pasing"]
[BlackTeam "Muenchen Schwabing"]
[WhiteTeamCountry "GER"]
[BlackTeamCountry "GER"]

1. e4 c5 2. Nf3 Nc6 3. d4 cxd4 4. Nxd4 e6 5. Nc3 Qc7 6. Be2 a6 7. 0-0 Nf6 8. Nxc6 bxc6 9. f4 d5 10. Bf3 Be7 11. Kh1 Bb7 12. e5 Nd7 13. Na4 0-0 14. c4 Rfd8 15. Qc2 c5 16. Bd2 a5 17. Rac1 Bc6 1/2-1/2

[Event "Oberliga Bayern 0203"]
[Site "Bayern"]
[Date "2002.10.20"]
[Round "1.1"]
[White "Janz, Frerik"]
[Black "Wagner, Anselm"]
[Result "1/2-1/2"]
[WhiteElo "2382"]
[BlackElo "2396"]
[PlyCount "86"]
[EventDate "2002.10.20"]
[EventType "team"]
[EventRounds "9"]
[EventCountry "GER"]
[SourceTitle "EXT 2004"]
[Source "ChessBase"]
[SourceDate "2003.11.25"]
[SourceVersion "1"]
[SourceVersionDate "2003.11.25"]
[SourceQuality "1"]
[WhiteTeam "Regensburg Fortuna"]
[BlackTeam "Pasing"]
[WhiteTeamCountry "GER"]
[BlackTeamCountry "GER"]

1. d4 Nf6 2. c4 c5 3. Nf3 cxd4 4. Nxd4 g6 5. Nc3 Bg7 6. g3 0-0 7. Bg2 Nc6 8. Nc2 d6 9. 0-0 a6 10. h3 Rb8 11. Rb1 Be6 12. Nd5 Ne5 13. b3 Bxd5 14. cxd5 Qc7 15. Bb2 Rfc8 16. Nd4 Qa5 17. e4 Rc7 18. Qe2 Rbc8 19. Kh2 Ned7 20. Rbd1 Ne8 21. Rd2 Nc5 22. Qe3 Nf6 23. Re2 Ne8 24. f4 e5 25. dxe6 Nxe6 26. Nxe6 fxe6 27. Bxg7 Kxg7 28. f5 Qe5 29. fxe6 Nf6 30. Ref2 Rf8 31. Qb6 Re7 32. Rf4 Qxe6 33. Rd1 Rd7 34. Rc1 Qe5 35. Rc7 Rff7 36. Rc8 Nh5 37. Rxf7+ Rxf7 38. Qe3 Nf6 39. Qf4 Re7 40. Rd8 Qxf4 41. gxf4 Nxe4 42. Bxe4 Rxe4 43. Rd7+ Kf6 1/2-1/2

[Event "BL2-Sued 0001"]
[Site "Germany"]
[Date "2001.01.28"]
[Round "5.1"]
[White "Wagner, Anselm"]
[Black "Kekelidze, Mikheil"]
[Result "1/2-1/2"]
[WhiteElo "2419"]
[BlackElo "2511"]
[PlyCount "61"]
[EventDate "2000.10.15"]
[EventType "team-tourn"]
[EventRounds "9"]
[EventCountry "GER"]
[SourceTitle "CBM 082 Extra"]
[Source "ChessBase"]
[SourceDate "2001.07.03"]
[SourceVersion "1"]
[SourceVersionDate "2001.07.03"]
[SourceQuality "1"]
[WhiteTeam "Pasing"]
[BlackTeam "Karlsruhe"]
[WhiteTeamCountry "GER"]
[BlackTeamCountry "GER"]

1. e4 c5 2. Nf3 e6 3. d4 cxd4 4. Nxd4 a6 5. Bd3 g6 6. 0-0 Bg7 7. Nf3 Nc6 8. c4 d6 9. Nc3 Nf6 10. Qe2 0-0 11. Rd1 e5 12. h3 Nd4 13. Nxd4 exd4 14. Nd5 Nxd5 15. exd5 Re8 16. Qf3 Be5 17. Bd2 Bd7 18. Re1 b5 19. cxb5 axb5 20. a3 Rc8 21. Rac1 Rc5 22. Bb4 Rxc1 23. Rxc1 Qh4 24. Rc7 Re7 25. Rc1 h5 26. Re1 Kg7 27. Bd2 Re8 28. Re4 Qd8 29. Re1 Qh4 30. Re4 Qd8 31. Re1 1/2-1/2

[Event "Oberliga Bayern 9798"]
[Site "Bayern"]
[Date "1998.??.??"]
[Round "?.2"]
[White "Bintakies, Michael"]
[Black "Wagner, Anselm"]
[Result "0-1"]
[WhiteElo "2150"]
[BlackElo "2390"]
[PlyCount "128"]
[EventDate "1997.10.??"]
[EventType "team-tourn"]
[EventRounds "9"]
[EventCountry "GER"]
[SourceTitle "EXT 2020"]
[Source "ChessBase"]
[SourceDate "2019.10.17"]
[SourceVersion "1"]
[SourceVersionDate "2019.10.17"]
[SourceQuality "1"]
[WhiteTeam "Haunstetten TSV"]
[BlackTeam "Pasing"]
[WhiteTeamCountry "GER"]
[BlackTeamCountry "GER"]

1. e4 e6 2. d4 d5 3. exd5 exd5 4. Bd3 Nc6 5. c3 Bd6 6. Qf3 Be6 7. Ne2 Qd7 8. Bf4 Nf6 9. h3 0-0-0 10. Nd2 h6 11. 0-0-0 Na5 12. Bxd6 Qxd6 13. Nf4 Bd7 14. Nh5 Nxh5 15. Qxh5 Be6 16. Qh4 g5 17. Qg3 Qxg3 18. fxg3 Nc4 19. Rde1 Nxd2 20. Kxd2 Kd7 21. Rhf1 c6 22. Be2 Ke7 23. Bd3 Rde8 24. Bf5 Ref8 25. g4 Re8 26. Rf2 Rhf8 27. Ref1 Rd8 28. Re1 Rd6 29. Rff1 Rc8 30. b4 a5 31. Bd3 axb4 32. cxb4 Ra8 33. Ra1 Ra3 34. Rfb1 Rd8 35. Rb3 Rda8 36. Rxa3 Rxa3 37. Bc2 Rg3 38. Rg1 Kd6 39. a4 Kc7 40. a5 Kd6 41. Bd3 Ke7 42. Bc2 Kd7 43. Bd3 Kc7 44. Bc2 b6 45. axb6+ Kxb6 46. Bd3 Bd7 47. Be2 Rb3 48. Rf1 Rb2+ 49. Ke3 Be6 50. Rf6 Rxb4 51. Rxh6 Rb3+ 52. Kd2 Rb2+ 53. Ke3 c5 54. Bf3 Kc6 55. dxc5 Kxc5 56. Rh5 d4+ 57. Ke4 Bd5+ 58. Ke5 Bxf3 59. gxf3 d3 60. Rxg5 d2 61. Ke4+ Kc6 62. Rd5 Rb4+ 63. Ke5 Rb5 64. Rxb5 Kxb5 0-1

[Event "Bodensee-Cup 4th"]
[Site "Germany"]
[Date "1998.??.??"]
[Round "1"]
[White "Kaenel, Hansjuerg"]
[Black "Wagner, Anselm"]
[Result "1-0"]
[WhiteElo "2345"]
[BlackElo "2415"]
[PlyCount "101"]
[EventDate "1998.??.??"]
[EventType "team-tourn"]
[EventRounds "3"]
[EventCountry "GER"]
[SourceTitle "EXT 2000"]
[Source "ChessBase"]
[SourceDate "1999.11.16"]
[SourceVersion "1"]
[SourceVersionDate "1999.11.16"]
[SourceQuality "1"]

1. Nf3 Nf6 2. e3 g6 3. b4 Bg7 4. Bb2 0-0 5. c4 d6 6. Be2 Nbd7 7. d4 c6 8. 0-0 Re8 9. Nc3 e5 10. b5 Qa5 11. a4 exd4 12. Nxd4 c5 13. Nb3 Qc7 14. a5 b6 15. Bf3 Rb8 16. Bc6 Bb7 17. axb6 axb6 18. Ra7 Re7 19. Qa1 Ne5 20. Nd5 Nxd5 21. cxd5 f5 22. Nd2 Qd8 23. Qa2 Nd3 24. Bxg7 Kxg7 25. Nf3 h6 26. Ra1 Qf8 27. Qd2 Nb4 28. Nd4 Qf6 29. Ne6+ Kh7 30. Nf4 Qg7 31. R1a4 Qf6 32. h3 Qe5 33. h4 g5 34. hxg5 hxg5 35. Nd3 Nxd3 36. Qxd3 Kg7 37. g4 f4 38. exf4 gxf4 39. Qf3 Rf7 40. Re4 Qg5 41. Re6 Kg8 42. Rxd6 Bc8 43. Rxf7 Kxf7 44. Bd7 Bxd7 45. Rxd7+ Kg8 46. Qe2 Ra8 47. Qe6+ Kh8 48. Rf7 Rg8 49. f3 c4 50. Rf5 Qg6 51. Qe5+ 1-0

[Event "Oberliga Bayern 9798"]
[Site "Bayern"]
[Date "1998.??.??"]
[Round "?.2"]
[White "Wagner, Anselm"]
[Black "Dobosz, Henryk"]
[Result "1/2-1/2"]
[WhiteElo "2390"]
[BlackElo "2400"]
[PlyCount "56"]
[EventDate "1997.10.??"]
[EventType "team-tourn"]
[EventRounds "9"]
[EventCountry "GER"]
[SourceTitle "EXT 2020"]
[Source "ChessBase"]
[SourceDate "2019.10.17"]
[SourceVersion "1"]
[SourceVersionDate "2019.10.17"]
[SourceQuality "1"]
[WhiteTeam "Pasing"]
[BlackTeam "Kitzingen SC"]
[WhiteTeamCountry "GER"]
[BlackTeamCountry "GER"]

1. e4 e6 2. d4 d5 3. e5 Ne7 4. Nf3 b6 5. c4 Bb7 6. Nc3 Qd7 7. Be3 Nbc6 8. Rc1 dxc4 9. Bxc4 Nb4 10. 0-0 Nbd5 11. Qc2 Nxc3 12. bxc3 Nd5 13. Bd3 Be7 14. Qe2 Nxe3 15. fxe3 0-0 16. Nd2 f5 17. exf6 Rxf6 18. Rxf6 Bxf6 19. Qh5 g6 20. Qg4 Rf8 21. Rf1 Qe7 22. Be4 Bc8 23. Qg3 e5 24. Bd5+ Kg7 25. Ne4 Bh4 26. Qxe5+ Qxe5 27. dxe5 Rxf1+ 28. Kxf1 Bf5 1/2-1/2

[Event "Oberliga Bayern 9798"]
[Site "Bayern"]
[Date "1998.??.??"]
[Round "?.2"]
[White "Wagner, Anselm"]
[Black "Unzicker, Ferdinand"]
[Result "1/2-1/2"]
[WhiteElo "2390"]
[BlackElo "2275"]
[PlyCount "94"]
[EventDate "1997.10.??"]
[EventType "team-tourn"]
[EventRounds "9"]
[EventCountry "GER"]
[SourceTitle "EXT 2020"]
[Source "ChessBase"]
[SourceDate "2019.10.17"]
[SourceVersion "1"]
[SourceVersionDate "2019.10.17"]
[SourceQuality "1"]
[WhiteTeam "Pasing"]
[BlackTeam "Milbertshofen (SG Schwabing)"]
[WhiteTeamCountry "GER"]
[BlackTeamCountry "GER"]

1. e4 c6 2. d4 d5 3. Nd2 dxe4 4. Nxe4 Nd7 5. Ng5 Nb6 6. N1f3 g6 7. Bd3 Bg7 8. 0-0 Nh6 9. Re1 0-0 10. h3 Nf5 11. c3 Nd6 12. Ne4 Nxe4 13. Bxe4 Qc7 14. Bg5 Be6 15. Qc1 Rad8 16. Bf4 Qc8 17. Bh6 Rfe8 18. Qf4 Nd5 19. Bxd5 Rxd5 20. Bxg7 Kxg7 21. Ng5 Bf5 22. c4 Ra5 23. Re3 h6 24. Nf3 Be6 25. d5 cxd5 26. b4 Ra6 27. cxd5 Bd7 28. Rae1 Qd8 29. Qd4+ f6 30. a3 Bc8 31. Qc5 Rd6 32. Qxa7 Rxd5 33. Qb8 b6 34. a4 e5 35. Rc3 Bf5 36. Rc7+ Rd7 37. Rxd7+ Qxd7 38. Qxb6 Qxa4 39. b5 Bd7 40. Rb1 Qc2 41. Ra1 Kf7 42. Qd6 Re7 43. Ra7 Qb1+ 44. Kh2 Qxb5 45. Nh4 Qc6 46. Qxc6 Bxc6 47. Rxe7+ Kxe7 1/2-1/2

[Event "Bodensee-Cup 3rd"]
[Site "Steckborn"]
[Date "1997.??.??"]
[Round "2"]
[White "Miltner, Arndt"]
[Black "Wagner, Anselm"]
[Result "1-0"]
[WhiteElo "2375"]
[BlackElo "2370"]
[PlyCount "93"]
[EventDate "1997.05.??"]
[EventType "team-tourn"]
[EventRounds "3"]
[EventCountry "SUI"]
[SourceTitle "EXT 1998"]
[Source "ChessBase"]
[SourceDate "1997.11.17"]
[SourceVersion "1"]
[SourceVersionDate "1997.11.17"]
[SourceQuality "1"]

1. d4 Nf6 2. Nf3 g6 3. Bf4 Bg7 4. e3 0-0 5. Be2 d6 6. h3 Nbd7 7. 0-0 b6 8. a4 c5 9. c3 a6 10. Nbd2 Bb7 11. Qb1 Qc7 12. Rc1 Rfc8 13. Bc4 Bd5 14. Bf1 Bb7 15. Bh2 Qc6 16. b4 cxd4 17. exd4 a5 18. Bc4 Nd5 19. bxa5 Rxa5 20. Bb5 Qc7 21. c4 N5f6 22. Nb3 Bxf3 23. gxf3 Ra7 24. c5 Qb8 25. cxd6 Rxc1+ 26. Qxc1 exd6 27. Qc6 Bf8 28. Rc1 Be7 29. Nd2 Kg7 30. Ne4 Nxe4 31. fxe4 Qd8 32. Qc8 Qxc8 33. Rxc8 Bf6 34. Rc4 Be7 35. Rc6 Nf6 36. f3 d5 37. Be5 dxe4 38. fxe4 Rb7 39. Kf2 Bd8 40. Kf3 g5 41. Rc8 Be7 42. Rc7 Rxc7 43. Bxc7 h5 44. Bc6 Bb4 45. Bxb6 g4+ 46. hxg4 hxg4+ 47. Kg2 1-0

[Event "Oberliga Bayern 9697"]
[Site "Bayern"]
[Date "1997.??.??"]
[Round "?"]
[White "Pirisi, Gabor"]
[Black "Wagner, Anselm"]
[Result "0-1"]
[WhiteElo "2395"]
[BlackElo "2370"]
[PlyCount "100"]
[EventDate "1996.10.13"]
[EventType "team-tourn"]
[EventRounds "9"]
[EventCountry "GER"]
[SourceTitle "EXT 2020"]
[Source "ChessBase"]
[SourceDate "2019.10.17"]
[SourceVersion "1"]
[SourceVersionDate "2019.10.17"]
[SourceQuality "1"]
[WhiteTeam "Milbertshofen (SG Schwabing)"]
[BlackTeam "Pasing"]
[WhiteTeamCountry "GER"]
[BlackTeamCountry "GER"]

1. Nf3 Nf6 2. g3 g6 3. Bg2 Bg7 4. 0-0 0-0 5. d3 d6 6. e4 c5 7. Nbd2 Nc6 8. c3 Rb8 9. a4 a6 10. Nh4 b5 11. axb5 axb5 12. f4 Qc7 13. h3 b4 14. Nc4 bxc3 15. bxc3 Bb7 16. Qe2 Nd7 17. Bd2 Ra8 18. Ne3 Rxa1 19. Rxa1 Ra8 20. Rxa8+ Bxa8 21. Nf3 Qa5 22. Qe1 Qa2 23. Nc4 Na5 24. Nxa5 Qxa5 25. e5 Bxf3 26. exd6 exd6 27. Bxf3 Qa2 28. Bc6 Nf6 29. c4 d5 30. g4 Qa6 31. Bb5 Qa8 32. Be3 d4 33. Bd2 Bf8 34. f5 Qf3 35. fxg6 hxg6 36. g5 Nh5 37. Qf1 Qg3+ 38. Kh1 Bd6 39. Qe2 Qxh3+ 40. Kg1 Ng3 41. Qf3 Qh4 42. Bd7 Nh5 43. Bh3 Bf4 44. Bxf4 Nxf4 45. Bf1 Qxg5+ 46. Kf2 Qh4+ 47. Kg1 Kg7 48. Qe4 Qg3+ 49. Kh1 Qf2 50. Qe5+ Kh7 0-1

[Event "Oberliga Bayern 9596"]
[Site "Bayern"]
[Date "1996.??.??"]
[Round "?"]
[White "Haag, Wolfgang"]
[Black "Wagner, Anselm"]
[Result "1/2-1/2"]
[WhiteElo "2315"]
[BlackElo "2370"]
[PlyCount "160"]
[EventDate "1995.10.15"]
[EventType "team-tourn"]
[EventRounds "9"]
[EventCountry "GER"]
[SourceTitle "EXT 2020"]
[Source "ChessBase"]
[SourceDate "2019.10.17"]
[SourceVersion "1"]
[SourceVersionDate "2019.10.17"]
[SourceQuality "1"]
[WhiteTeam "Marktheidenfeld"]
[BlackTeam "Pasing"]
[WhiteTeamCountry "GER"]
[BlackTeamCountry "GER"]

1. d4 Nf6 2. c4 g6 3. Nc3 Bg7 4. e4 d6 5. Nf3 0-0 6. Be2 e5 7. 0-0 Nc6 8. Be3 exd4 9. Nxd4 Nxd4 10. Bxd4 Re8 11. f3 b6 12. Nd5 Bb7 13. Qd2 c6 14. Ne3 Qe7 15. Rfe1 Rad8 16. Rad1 Nh5 17. Bxg7 Kxg7 18. Ng4 Bc8 19. Qd4+ Nf6 20. Ne3 Qe5 21. Rd2 Qxd4 22. Rxd4 Kf8 23. Red1 Ke7 24. g4 h6 25. Kf2 Nh7 26. R4d3 Bb7 27. Ra3 Ra8 28. h4 Nf8 29. h5 Ne6 30. hxg6 fxg6 31. Kg3 c5 32. Bd3 Nd4 33. Rh1 Rh8 34. f4 Kf6 35. Rxh6 Rxh6 36. g5+ Kg7 37. gxh6+ Kxh6 38. e5 dxe5 39. Ng4+ Kg7 40. Nxe5 Nf5+ 41. Bxf5 gxf5 42. Rd3 Be4 43. Rd6 Rh8 44. Rd7+ Kf6 45. Rf7+ Ke6 46. Rxa7 Rg8+ 47. Kh4 Rg2 48. b3 Rf2 49. Kg5 Rg2+ 50. Kh6 Rf2 51. Ra6 Rxf4 52. Ng6 Rf2 53. Rxb6+ Kd7 54. a4 f4 55. Ne5+ Kc7 56. Rf6 f3 57. Kg5 Rb2 58. Nxf3 Bb7 59. Rf7+ Kc8 60. Rf5 Kd8 61. Kf6 Rxb3 62. Ng5 Kd7 63. Rxc5 Bc6 64. a5 Rb1 65. Nf7 Rf1+ 66. Rf5 Rc1 67. Rf4 Ra1 68. Ne5+ Kd6 69. Rf5 Bb7 70. Nf7+ Kd7 71. Rb5 Rf1+ 72. Rf5 Ra1 73. Rc5 Rf1+ 74. Rf5 Ra1 75. Ne5+ Kd6 76. Ng6 Be4 77. Rg5 Rf1+ 78. Kg7 Bxg6 79. Kxg6 Rc1 80. a6 Rxc4 1/2-1/2

[Event "Oberliga NRW 9697 I"]
[Site "Germany"]
[Date "1996.??.??"]
[Round "1.4"]
[White "Kasnitz, Martin"]
[Black "Wagner, Anselm"]
[Result "1-0"]
[WhiteElo "2270"]
[BlackElo "2370"]
[PlyCount "73"]
[EventDate "1996.10.??"]
[EventType "team"]
[EventRounds "9"]
[EventCountry "GER"]
[SourceTitle "EXT 1998"]
[Source "ChessBase"]
[SourceDate "1997.11.17"]
[SourceVersion "1"]
[SourceVersionDate "1997.11.17"]
[SourceQuality "1"]
[WhiteTeam "Duesseldorf"]
[BlackTeam "Lippstadt Turm"]
[WhiteTeamCountry "GER"]
[BlackTeamCountry "GER"]

1. c4 Nf6 2. Nc3 d5 3. cxd5 Nxd5 4. Nf3 g6 5. g3 Nxc3 6. bxc3 c5 7. Bg2 Bg7 8. 0-0 Nc6 9. Qa4 Bd7 10. Qb3 b6 11. d4 Na5 12. Qa3 Rc8 13. e4 cxd4 14. cxd4 0-0 15. Rb1 Bg4 16. Bg5 Nc4 17. Qxa7 Rc7 18. Qa6 Bxf3 19. Bxf3 Qxd4 20. Rfd1 Qc5 21. Rd5 Qc6 22. Rc1 e6 23. Rd3 Qa8 24. Qxa8 Rxa8 25. Bf4 Rcc8 26. Be2 e5 27. Bg5 f6 28. Rd7 b5 29. Be3 Rxa2 30. Bf1 Bf8 31. Rb7 Ba3 32. Rc3 Ra1 33. Rxb5 Kg7 34. Rb7+ Kf8 35. Bh6+ Ke8 36. Rxh7 Rc6 37. Kg2 1-0

[Event "Oberliga Bayern 9697"]
[Site "Bayern"]
[Date "1996.??.??"]
[Round "?"]
[White "Wagner, Anselm"]
[Black "Gasthofer, Viktor"]
[Result "1-0"]
[WhiteElo "2370"]
[BlackElo "2370"]
[PlyCount "101"]
[EventDate "1996.10.13"]
[EventType "team-tourn"]
[EventRounds "9"]
[EventCountry "GER"]
[SourceTitle "EXT 2020"]
[Source "ChessBase"]
[SourceDate "2019.10.17"]
[SourceVersion "1"]
[SourceVersionDate "2019.10.17"]
[SourceQuality "1"]
[WhiteTeam "Pasing"]
[BlackTeam "Marktheidenfeld"]
[WhiteTeamCountry "GER"]
[BlackTeamCountry "GER"]

1. e4 e6 2. d4 d5 3. e5 c5 4. c3 Nc6 5. Nf3 Qb6 6. a3 Bd7 7. b4 cxd4 8. cxd4 Rc8 9. Be3 Nh6 10. Bd3 Ng4 11. 0-0 Nxe3 12. fxe3 Be7 13. Qe1 0-0 14. Nc3 Nb8 15. h4 Rc7 16. b5 Rcc8 17. a4 Qd8 18. Ne2 f5 19. exf6 gxf6 20. Nf4 Kh8 21. h5 Bd6 22. h6 Qe7 23. Nh4 Rg8 24. Qf2 f5 25. Be2 Qg5 26. Rac1 Qxh6 27. Rfd1 Rcf8 28. Rc2 Rg7 29. Rdc1 Rfg8 30. Bd1 Qf6 31. Nh5 Qg5 32. Nxg7 Qxg7 33. Nf3 Qh6 34. Rc3 Bg3 35. Qd2 Bd6 36. R1c2 Bg3 37. Qd3 f4 38. e4 Be8 39. exd5 Bg6 40. Qc4 Bxc2 41. Bxc2 exd5 42. Qxd5 Re8 43. Qf5 Re1+ 44. Nxe1 Qh2+ 45. Kf1 Qh1+ 46. Ke2 Qxe1+ 47. Kd3 Qf1+ 48. Ke4 Qxg2+ 49. Ke5 f3+ 50. Ke6 Qe2+ 51. Kf7 1-0

[Event "Oberliga Bayern 9697"]
[Site "Bayern"]
[Date "1996.??.??"]
[Round "?"]
[White "Wagner, Anselm"]
[Black "Pcola, Pavol"]
[Result "0-1"]
[WhiteElo "2370"]
[BlackElo "2450"]
[PlyCount "60"]
[EventDate "1996.10.13"]
[EventType "team-tourn"]
[EventRounds "9"]
[EventCountry "GER"]
[SourceTitle "EXT 2020"]
[Source "ChessBase"]
[SourceDate "2019.10.17"]
[SourceVersion "1"]
[SourceVersionDate "2019.10.17"]
[SourceQuality "1"]
[WhiteTeam "Pasing"]
[BlackTeam "Tegernsee TV"]
[WhiteTeamCountry "GER"]
[BlackTeamCountry "GER"]

1. e4 e6 2. d4 d5 3. e5 c5 4. c3 Nc6 5. Nf3 Bd7 6. a3 Nge7 7. Bd3 cxd4 8. cxd4 Qb6 9. Bc2 Nf5 10. Bxf5 exf5 11. Nc3 Be6 12. 0-0 Be7 13. b4 Rc8 14. Qd3 0-0 15. Na4 Qd8 16. Ne1 b6 17. f4 Qd7 18. Nc3 a5 19. bxa5 Nxd4 20. Bb2 bxa5 21. Kh1 Nb3 22. Rd1 Nc5 23. Qd2 Qb7 24. Nf3 Ne4 25. Nxe4 dxe4 26. Nd4 e3 27. Qe2 Bc4 28. Qxe3 Bxf1 29. Rxf1 Qxb2 30. Nxf5 Qxa3 0-1

[Event "Oberliga Bayern 9596"]
[Site "Bayern"]
[Date "1996.??.??"]
[Round "?"]
[White "Wagner, Anselm"]
[Black "Speckner, Roland"]
[Result "1/2-1/2"]
[WhiteElo "2370"]
[BlackElo "2310"]
[PlyCount "44"]
[EventDate "1995.10.15"]
[EventType "team-tourn"]
[EventRounds "9"]
[EventCountry "GER"]
[SourceTitle "EXT 2020"]
[Source "ChessBase"]
[SourceDate "2019.10.17"]
[SourceVersion "1"]
[SourceVersionDate "2019.10.17"]
[SourceQuality "1"]
[WhiteTeam "Pasing"]
[BlackTeam "Regensburg Fortuna"]
[WhiteTeamCountry "GER"]
[BlackTeamCountry "GER"]

1. e4 c5 2. Nf3 Nc6 3. d4 cxd4 4. Nxd4 e5 5. Nb5 d6 6. N1c3 a6 7. Na3 b5 8. Nd5 Nce7 9. c3 Nxd5 10. exd5 Bd7 11. Nc2 a5 12. Be2 Ne7 13. 0-0 Ng6 14. f4 exf4 15. Bxf4 Nxf4 16. Rxf4 Be7 17. Bg4 0-0 18. Bxd7 Qxd7 19. Qd3 Bf6 20. Nd4 Be5 21. Rh4 Bxd4+ 22. Rxd4 Rfe8 1/2-1/2